Titles Found in Books II Quiz Stats

 Plays Quiz Updated Jan 31, 2013

Challenge
Share
Tweet
Embed
Score 0/10 Timer 04:00
0 Plays Today
Line From Book Book Title % Correct
But the face on the pillow, rosy in the firelight, is certainly that of Clarice Starling, and she sleeps deeply, sweetly, in ____.The Silence of the Lambs
84%
He fell in October 1918, on a day that was so quiet and still on the whole front, that the army report confined itself to the single sentence: ____.All Quiet on the Western Front
62%
I mean if they're running and they don't look where they're going I have to come out from somewhere and catch them. That's all I do all day. I'd just be ____ and all.The Catcher in the Rye
48.8%
...the story of a book, a book called ____--not an Earth book, never published on Earth, and until the terrible catastrophe occurred, never seen or even heard of by any Earthman.The Hitchhiker's Guide to the Galaxy
37.3%
In the souls of the people ____ are filling and growing heavy, growing heavy for the vintage.The Grapes of Wrath
30.4%
Oh ____ that has such people in it.Brave New World
27.7%
I've now realized for the first time in my life, the vital _____.The Importance of Being Earnest
14.3%
I think it pisses God off if you walk by ____ in a field somewhere and don’t notice it.The Color Purple
11.2%
...and there was the name--_____--and I said: 'That's a fair gloopy title. Who ever heard of ____?'A Clockwork Orange
10.5%
Suddenly he had an idea. He would bury Church up in the ____ with no marker or any of that foolishness. He would say nothing to Ellie on the phone tonight about Church...Pet Sematary
9.3%

You're not logged in!

Compare scores with friends on all Sporcle quizzes.
OR
Log In

You Might Also Like...

Show Comments

Extras

Top Quizzes Today


Score Distribution

Your Account Isn't Verified!

In order to create a playlist on Sporcle, you need to verify the email address you used during registration. Go to your Sporcle Settings to finish the process.

Report this User

Report this user for behavior that violates our Community Guidelines.

Details: